| 000 | 01047nas a2200289 i 4500 | ||
|---|---|---|---|
| 001 | 186952 | ||
| 003 | ES-MaACL | ||
| 005 | 20250809012710.0 | ||
| 008 | 170308d18971923sp ar m | |spa d | ||
| 022 | _a1887-9233 | ||
| 080 | _a339.543.3(460)(061.22) | ||
| 110 | 1 |
_aEspaña. _bDirección General de Aduanas. _9166270 |
|
| 245 | 1 | 0 |
_aMemoria sobre el estado de la renta de aduanas / _cDirección General de Aduanas. |
| 260 |
_aMadrid : _bDirección General de Aduanas, _c[1897-1923] |
||
| 300 |
_av. ; _c27 y 30 cm. |
||
| 310 | _aAnual | ||
| 650 | 7 |
_aAduanas- _zEspaña _2 _9141614 |
|
| 650 | 7 |
_aAranceles de aduanas- _zEspaña _2 _9155364 |
|
| 852 | 4 |
_aES-MaACL _jT-783-F-1-2 _z(1897-98) |
|
| 852 | 4 |
_aES-MaACL _jT-988-F-6-8 _z(1899-1901) |
|
| 852 | 4 |
_aES-MaACL _jT-1024-F-5 _z(1902) |
|
| 852 | 4 |
_aES-MaACL _jT-1323-F-3 _z(1911) |
|
| 852 | 4 |
_aES-MaACL _j1539-F-1 _z(1916) |
|
| 852 | 4 |
_aES-MaACL _j1678-F-13 _z(1923) |
|
| 866 | 0 | _o1897-1902, 1911, 1916, 1923. | |
| 999 |
_c186952 _d186952 |
||